|
|
|
|
| LEADER |
01248nam a22003014a 4500 |
| 001 |
0017323 |
| 003 |
BD-DhAAL |
| 005 |
20250408122523.0 |
| 008 |
240605t2000 nyuab b 001 0 eng |
| 010 |
|
|
|a 00044076
|
| 020 |
|
|
|a 1903544009 (hardback)
|
| 020 |
|
|
|a 1903544017 (pbk.)
|
| 040 |
|
|
|a DLC
|c DLC
|d DLC
|d BD-DhAAL
|
| 042 |
|
|
|a pcc
|
| 050 |
0 |
0 |
|a GB5014
|b .A46 2000
|
| 082 |
0 |
0 |
|a 363.34
|2 21
|
| 100 |
1 |
|
|a Alexander, David
|q (David E.)
|9 56455
|
| 245 |
1 |
0 |
|a Confronting catastrophe :
|b new perspectives on natural disasters /
|c David Alexander.
|
| 260 |
|
|
|a New York :
|b Oxford University Press,
|c 2000.
|
| 300 |
|
|
|a vi, 282 pages :
|b ill., maps ;
|c 25 cm
|
| 504 |
|
|
|a Includes bibliographical references (pages 251-275).
|
| 526 |
|
|
|a PPDM
|x Mr. Mohammad Aminur Rahman
Research Assistant
|
| 541 |
|
|
|a Ahsania Mission Book Distribution House
|e 17323
|
| 650 |
|
0 |
|a Natural disasters.
|
| 852 |
|
|
|a Ayesha Abed Library
|c General Stacks
|
| 942 |
|
|
|2 ddc
|c BK
|
| 999 |
|
|
|c 46704
|d 46704
|
| 952 |
|
|
|0 0
|1 0
|2 ddc
|4 0
|6 363_340000000000000_ALE
|7 0
|9 75611
|a BRACUL
|b BRACUL
|c GEN
|d 2024-06-05
|e Ahsania Mission Book Distribution House
|g 2767.88
|l 0
|o 363.34 ALE
|p 3010017323
|r 2024-06-05
|t 1
|w 2024-06-05
|y BK
|x Requisitioned by Mr. Mohammad Aminur Rahman (Research Assistant)
|